2024中国行政区划变更十大事件 10 Administrative Division Changes in China in 2024 - Statistics

General Stats
  • This quiz has been taken 39 times
  • The average score is 8 of 16
Answer Stats
大事件 % Correct
1.新疆维吾尔自治区设立{和安}县
87%
2.新疆维吾尔自治区设立{和康}县
87%
8.海南省{三沙}市市辖区区划代码公布
68%
{喀什}市
58%
划归{德钦}县
55%
6.云南省迪庆藏族自治州{维西}县部分区域
48%
10.{藏南}地区公开使用地名(第四批)公布
45%
{黄岩}岛领海基线公布
42%
{疏勒}县部分区域划归
39%
5.新疆维吾尔自治区喀什地区{疏附}县、
39%
7.云南省{昭通}市
39%
3.新疆维吾尔自治区{图木舒克}市扩容
35%
9.{北部}湾、
35%
4.新疆维吾尔自治区{铁门关}市扩容
32%
{昭阳}区靖安镇
29%
划归{大关}县
19%
No matching quizzes found
Score Distribution
Percent of People with Each Score
Percentile by Number Answered
Your Score History
You have not taken this quiz